| 000 -LEADER |
| fixed length control field |
00986nam a2200229Ia 4500 |
| 001 - CONTROL NUMBER |
| control field |
15622 |
| 003 - CONTROL NUMBER IDENTIFIER |
| control field |
GE_BSU |
| 008 - FIXED-LENGTH DATA ELEMENTS--GENERAL INFORMATION |
| fixed length control field |
181216s||||||||xx |||||||||||||| ||und|| |
| 040 ## - CATALOGING SOURCE |
| Transcribing agency |
GE_BSU |
| 080 ## - UNIVERSAL DECIMAL CLASSIFICATION NUMBER |
| Universal Decimal Classification number |
94(470)"18" + 316(470)(092გერცენი) + 821.161.1-94 |
| 100 ## - MAIN ENTRY--PERSONAL NAME |
| Personal name |
გერცენი, ა.ი. |
| 245 ## - TITLE STATEMENT |
| Title |
ნამყო და ნააზრევი. ტ. 1. ნაწ. 1-2 |
| 245 ## - TITLE STATEMENT |
| Remainder of title |
ვ. ი. ლენინის წერილი "გერცენის ხსოვნას |
| 245 ## - TITLE STATEMENT |
| Statement of responsibility, etc. |
თარგმ. ს. თავაძისა ; რედ. ვ. წულუკიძე |
| 260 ## - PUBLICATION, DISTRIBUTION, ETC. |
| Place of publication, distribution, etc. |
თბილისი |
| 260 ## - PUBLICATION, DISTRIBUTION, ETC. |
| Name of publisher, distributor, etc. |
საბჭ. საქართველო |
| 260 ## - PUBLICATION, DISTRIBUTION, ETC. |
| Date of publication, distribution, etc. |
1959 |
| 300 ## - PHYSICAL DESCRIPTION |
| Extent |
494 გვ. : 1 ფ. პორტრ.21სმ. |
| 653 ## - INDEX TERM--UNCONTROLLED |
| Uncontrolled term |
ვ. ი. ლენინის წერილი "გერცენის ხსოვნას |
| 653 ## - INDEX TERM--UNCONTROLLED |
| Uncontrolled term |
ნამყო და ნააზრევი |
| 942 ## - ADDED ENTRY ELEMENTS (KOHA) |
| Koha item type |
წიგნი |